L'Esport és notícia : història de la premsa esportiva a Catalunya (1880-1992) / Xavier Pujadas i Carles Santacana història de la premsa esportiva a Catalunya (1880-1992) / Xavier Pujadas i Carles Santacana
Descripción Física:
152 p. : il. ; 23'5 cm
Colección:
Vaixells de paper ; 23
Otros Autores:
Santacana i Torres, Carles, 1961-
MARC
| LEADER | 00000nam a2200000Ia 4500 | ||
|---|---|---|---|
| 001 | 11853 | ||
| 008 | 160829s9999 xx 000 0 cat d | ||
| 080 | |a O-1-45 | ||
| 100 | |a Pujadas i Martí, Xavier |9 25041 | ||
| 245 | |a L'Esport és notícia : |b història de la premsa esportiva a Catalunya (1880-1992) / Xavier Pujadas i Carles Santacana | ||
| 260 | |a Barcelona : |b Diputació de Barcelona : |b Col·legi de Periodistes de Catalunya, dl 1997 | ||
| 300 | |a 152 p. : |b il. ; |c 23'5 cm | ||
| 490 | |a Vaixells de paper ; 23 | ||
| 650 | |a Premsa esportiva |x Catalunya |x Història |x 1880/1992 |9 25042 | ||
| 700 | |a Santacana i Torres, Carles, |d 1961- |9 25043 | ||
| 710 | 2 | |a Col·legi de Periodistes de Catalunya |9 52967 | |
| 710 | 1 | |a Barcelona (Catalunya : Província). |b Diputació |9 52408 | |
| 901 | |a Arxiu | ||
| 942 | |n 1 | ||
| 952 | |0 0 |1 0 |4 0 |6 O145 |7 1 |9 43423 |a Arxiu |b Arxiu |d 2016-12-01 |l 0 |o O-1-45 |p 11853 |r 2016-12-01 00:00:00 |w 2016-12-01 |y ARXIU | ||
| 999 | |c 45969 |d 45969 | ||